Top 10 Search Engines In The World - Statistics

General Stats
  • This quiz has been taken 27 times
  • The average score is 4 of 10
Answer Stats
Ranking Answer % Correct
No. 1 Google
100%
No. 2 Bing
96%
No. 3 Yahoo
88%
No. 4 Ask.com
44%
No. 8 DuckDuckGo
40%
No. 6 Baidu
32%
No. 5 AOL.com
20%
No. 9 Internet Archive
8%
No. 10 ChaCha.com
4%
No. 7 Wolframalpha
0%
No matching quizzes found
Score Distribution
Percent of People with Each Score
Percentile by Number Answered
Your Score History
You have not taken this quiz